[Event "Warsaw Chess Open - A"]
[Site "Warszawa"]
[Date "1899-12-30"]
[Round "3.16"]
[White "Sliwicka, Alicja"]
[Black "Karolczuk, Iwo"]
[Result "1/2-1/2"]
[WhiteTitle "WIM"]
[BlackTitle "k"]
[WhiteElo "2308"]
[BlackElo "2129"]

1. e4 c5 2. Nf3 d6 3. d4 cxd4 4. Nxd4 Nf6 5. Nc3 a6 6. Bd3 g6 7. f3 Bg7 8. Be3
O-O 9. Qd2 b5 10. h4 Bb7 11. O-O-O b4 12. Nb1 Nc6 13. Nxc6 Bxc6 14. g4 Qa5 15.
a3 Rab8 16. Bd4 e5 17. axb4 Qa2 18. Bc3 d5 19. g5 Nh5 20. exd5 Bxd5 21. Be4 Bxe4
22. fxe4 Nf4 23. Rhe1 h5 24. Qd6 Rfe8 25. Qc7 Qe6 26. Qd7 Qb6 27. Qd6 Qf2 28.
Qxa6 Qxh4 29. Na3 Qxg5 30. Kb1 Bf8 31. Rg1 Qe7 32. Rd2 Qc7 33. Qc4 Qxc4 34. Nxc4
Bxb4 35. Bxb4 Rxb4 36. b3 h4 37. Kb2 Rbb8 38. Ne3 Red8 39. Rh2 h3 40. Ng4 Rb5
41. c4 Rb6 42. Rg3 Kg7 43. Rc3 Rbd6 44. Rcc2 Nd3+ 45. Kc3 Nc5 46. Nf2 Rb8 47.
b4 Na4+ 48. Kb3 Nc5+ 49. Kc3 Na4+ 1/2-1/2

[Event "Warsaw Chess Open - A"]
[Site "Warszawa"]
[Date "1899-12-30"]
[Round "3.17"]
[White "Budnik, Mateusz"]
[Black "Chylewski, Patryk"]
[Result "0-1"]
[WhiteTitle "k"]
[BlackTitle "FM"]
[WhiteElo "2024"]
[BlackElo "2290"]

1. Nf3 Nf6 2. b3 d5 3. Bb2 Bf5 4. e3 e6 5. Be2 h6 6. O-O Nbd7 7. d4 Bd6 8. c4 c6
9. Nbd2 O-O 10. Ne5 a5 11. a3 Bh7 12. Ndf3 Qe7 13. Nxd7 Nxd7 14. c5 Bc7 15. Bd3
Bxd3 16. Qxd3 e5 17. Nxe5 Bxe5 18. dxe5 Nxc5 19. Qc2 Nd7 20. Qc3 Rfe8 21. f4 f6
22. exf6 Nxf6 23. Rae1 Qf7 24. Qc2 Re4 25. Rf3 Rae8 26. Qc5 a4 27. b4 Rc4 28.
Qa7 b5 29. Qb6 Rc2 30. Bd4 Ne4 31. f5 Qd7 32. h3 Rf8 33. Ref1 Kh7 34. Rf4 Nf6
35. R4f3 Rf7 36. R1f2 Rc4 37. Rf1 Qc7 38. Qa6 Qb7 39. Qxb7 Rxb7 40. g4 Ne4 41.
Rd1 Rc2 42. h4 Ra2 43. Rd3 Re7 44. Rf4 Rf7 45. Rf1 Ng3 46. Rf2 Rxf2 47. Kxf2 Ne4+
48. Kg1 h5 49. g5 Rxf5 50. Rd1 Nd6 51. Rc1 Nc4 52. Rc3 Rf7 53. Bc5 Kg6 54. Kg2
Kf5 55. Kf3 Ke5+ 56. Ke2 Kf5 57. Kf3 Ne5+ 58. Kg3 Ke4 59. Bd4 Nc4 60. Kg2 g6 61.
Kg1 Kf3 62. Bf6 Ke2 63. Kh2 Kd2 64. Kg3 Rf8 65. Kf3 Re8 0-1

[Event "Warsaw Chess Open - A"]
[Site "Warszawa"]
[Date "1899-12-30"]
[Round "3.18"]
[White "Paszewski, Mateusz"]
[Black "Razdolski, Ilya"]
[Result "1/2-1/2"]
[WhiteTitle "FM"]
[BlackTitle ""]
[WhiteElo "2280"]
[BlackElo "2109"]

1. d4 Nf6 2. c4 g6 3. Nc3 Bg7 4. e4 d6 5. h3 O-O 6. Be3 e5 7. d5 a5 8. Nge2 Na6
9. g4 c6 10. Ng3 cxd5 11. cxd5 Nd7 12. Qd2 Ndc5 13. Be2 Bd7 14. h4 f6 15. h5 Rf7
16. hxg6 hxg6 17. f3 Bf8 18. Kf2 Qe7 19. Rh3 Rh7 20. Rxh7 Qxh7 21. Rh1 Qe7 22.
Bb5 Rc8 23. Nge2 a4 24. Bh6 Rd8 25. Bxf8 Qxf8 26. Bxd7 Rxd7 27. Nb5 Rh7 28. Rxh7
Kxh7 29. Nec3 Qd8 30. Kg3 Kg7 31. a3 Qb6 32. g5 Nd3 33. gxf6+ Kxf6 34. Qxd3 Qg1+
35. Kh3 1/2-1/2

[Event "Warsaw Chess Open - A"]
[Site "Warszawa"]
[Date "1899-12-30"]
[Round "3.19"]
[White "Zima, Teofil"]
[Black "Malicka, Maria"]
[Result "1/2-1/2"]
[WhiteTitle "I++"]
[BlackTitle "FM"]
[WhiteElo "2004"]
[BlackElo "2272"]

1. d4 Nf6 2. Bg5 d5 3. Bxf6 gxf6 4. e3 c5 5. dxc5 e6 6. Nf3 Bxc5 7. Be2 Nc6 8.
O-O O-O 9. c4 d4 10. b4 Bxb4 11. exd4 Qe7 12. Qb3 Rd8 13. Rd1 b6 14. a3 Bd6 15.
Qb5 Bb7 16. Qh5 Qf8 17. Nc3 Ne7 18. c5 Bc7 19. Bd3 Qg7 20. cxb6 axb6 21. Be4 Ra5
22. Qh3 Bxe4 23. Nxe4 Nd5 24. Ne1 Rda8 25. Qf3 f5 26. Ng3 Bd6 27. Rd3 Nf4 28.
Rb3 Nd5 29. Nc2 Rc8 30. Nh5 Qg5 31. Ne3 f4 32. Nxd5 Rxd5 33. g4 fxg3 34. Nxg3
Rxd4 35. Rxb6 Bc5 36. Rb2 Rf4 37. Qb7 Rd8 38. Rf1 Bxa3 39. Rb5 e5 40. Ra5 Bb4
41. Rb5 Bc3 42. Qc7 Bd4 43. Rb7 Kh8 44. Qe7 Qg8 45. Rd7 Re8 46. Qd6 Qg5 47. Qc7
Qf6 48. Rd6 Qg7 49. Rd8 Rxd8 50. Qxd8+ Qg8 51. Qxg8+ Kxg8 52. Kg2 Bb6 53. f3 Rb4
54. Nf5 f6 55. Re1 Kf7 56. Re2 Ke6 57. Ng7+ Kf7 58. Nf5 Ke6 59. Ng7+ Kd5 60. Nf5
Rb1 61. Kg3 Rg1+ 62. Rg2 Rd1 63. Rc2 Rd3 64. Re2 Ba5 65. Re3 Rd2 66. Re4 Ke6 67.
Ng7+ Kf7 68. Nf5 Rd1 69. Rg4 Be1+ 70. Kh3 h5 71. Rg1 Rc1 72. Ng3 Bd2 1/2-1/2

[Event "Warsaw Chess Open - A"]
[Site "Warszawa"]
[Date "1899-12-30"]
[Round "4.1"]
[White "Sonis, Francesco"]
[Black "Rozentalis, Eduardas"]
[Result "1/2-1/2"]
[WhiteTitle "IM"]
[BlackTitle "GM"]
[WhiteElo "2501"]
[BlackElo "2520"]

1. d4 Nf6 2. c4 e6 3. Nf3 Bb4+ 4. Bd2 c5 5. Bxb4 cxb4 6. e3 O-O 7. Bd3 d6 8. O-O
a5 9. Nbd2 b6 10. Re1 Re8 11. Nf1 Qc7 12. e4 e5 13. Ne3 Nc6 14. Nd5 Qd8 15. dxe5
dxe5 16. Bc2 Bg4 17. Ba4 Rc8 18. Rc1 Nd7 19. h3 Bxf3 20. Qxf3 Nc5 21. Bxc6 Rxc6
22. Rcd1 Qc8 23. b3 h6 24. Qg3 Kh7 25. Rd2 Qe6 26. Qf3 Qg6 27. Re3 Ne6 28. h4
Nd4 29. Qd1 b5 30. Rg3 Qxe4 31. Re3 Qxh4 32. Rxd4 Qxd4 33. Qxd4 exd4 34. Rxe8
bxc4 35. bxc4 Rxc4 36. Re2 d3 37. Rd2 Rc1+ 38. Kh2 Rc2 39. Rxd3 Rxa2 40. f3 Rc2
41. Nb6 Rc5 42. Na4 Rb5 43. Rd6 h5 44. Kg3 g6 45. Nb2 Kg7 46. Ra6 b3 47. Rd6 Rg5+
48. Kh2 Rb5 49. Kg3 Rg5+ 50. Kh2 Rb5 1/2-1/2

[Event "Warsaw Chess Open - A"]
[Site "Warszawa"]
[Date "1899-12-30"]
[Round "4.2"]
[White "Laurusas, Tomas"]
[Black "Pultinevicius, Paulius"]
[Result "1/2-1/2"]
[WhiteTitle "IM"]
[BlackTitle "GM"]
[WhiteElo "2518"]
[BlackElo "2492"]

1. c4 Nf6 2. Nf3 e6 3. d4 d5 4. Nc3 dxc4 5. e3 a6 6. a4 b6 7. Bxc4 Bb7 8. O-O Bb4
9. Qe2 O-O 10. Na2 Bd6 11. b4 Nbd7 12. Bb2 Qe7 13. Ne5 c5 14. b5 axb5 15. Bxb5
Rfc8 16. Nc1 Rc7 17. Ncd3 Rac8 18. Rfc1 cxd4 19. Rxc7 Rxc7 20. exd4 Qd8 21. Re1
Bxe5 22. dxe5 Nd5 23. Qg4 Rc2 24. Rc1 Qc7 25. Qd1 Rxc1 26. Qxc1 Qxc1+ 27. Bxc1
Nb8 1/2-1/2

[Event "Warsaw Chess Open - A"]
[Site "Warszawa"]
[Date "1899-12-30"]
[Round "4.3"]
[White "Fus, Jakub"]
[Black "Heberla, Bartlomiej"]
[Result "1/2-1/2"]
[WhiteTitle "FM"]
[BlackTitle "GM"]
[WhiteElo "2403"]
[BlackElo "2559"]

1. d4 d5 2. c4 e6 3. Nc3 Nf6 4. cxd5 exd5 5. Bg5 c6 6. e3 Be7 7. Bd3 Nbd7 8. Nge2
O-O 9. Qc2 Re8 10. h3 Nf8 11. Bf4 Ng6 12. Bh2 Bd6 13. Bxd6 Qxd6 14. O-O-O Nh4
15. Nf4 Bd7 16. Kb1 Rac8 17. g4 Nf3 18. Bf1 Ng5 19. Bg2 Nge4 20. Nxe4 dxe4 21.
g5 Nd5 22. Bxe4 Nxf4 23. exf4 g6 24. f3 Qxf4 25. h4 Bf5 26. Bxf5 Qxf5 27. Qxf5
gxf5 28. Rhe1 Kg7 29. Re5 Kg6 30. f4 Rcd8 31. h5+ Kxh5 32. Rxf5 Kg6 33. Rf6+ Kg7
34. Kc2 Re4 35. Kc3 Rd5 36. Rd2 h6 37. b4 hxg5 38. fxg5 Rxg5 39. Rdf2 Re3+ 40.
Kd2 Re7 41. R6f3 Rd7 42. Kc3 Rg1 43. Rd2 Rc1+ 44. Kb3 Re1 45. Kc4 Kf8 46. Kc3
Ke7 47. Rdf2 Ke8 48. Rd2 Re4 49. a3 Re1 50. Kc4 Re6 51. Rdf2 Rde7 52. a4 Re1 53.
Rf1 R1e2 54. R1f2 R2e4 55. Kd3 Rg4 56. Kc3 Rd7 57. Rd2 Rg1 58. b5 Rc1+ 59. Kb2
Rc4 60. bxc6 bxc6 61. Kb3 Rcxd4 62. Rxd4 Rxd4 63. Rf6 Ke7 64. Rxc6 f5 65. Rh6
f4 66. Rh7+ Ke6 67. Rxa7 f3 68. Rh7 Rf4 69. Rh1 Kf5 70. a5 Kg4 71. a6 f2 72. Ra1
Rf8 73. Kb4 Re8 74. Rf1 Kg3 75. Kb5 Kg2 76. Rxf2+ Kxf2 77. a7 Ra8 78. Kb6 Rxa7
79. Kxa7 1/2-1/2

[Event "Warsaw Chess Open - A"]
[Site "Warszawa"]
[Date "1899-12-30"]
[Round "4.4"]
[White "Rudolf, Michal"]
[Black "Teclaf, Pawel"]
[Result "0-1"]
[WhiteTitle "FM"]
[BlackTitle "IM"]
[WhiteElo "2359"]
[BlackElo "2514"]

1. d4 Nf6 2. Bg5 e6 3. Nd2 h6 4. Bh4 d6 5. e4 Nc6 6. Ngf3 g5 7. Bg3 Bg7 8. c3 Qe7
9. Bc4 Bd7 10. Qe2 Nh5 11. O-O Nxg3 12. fxg3 O-O-O 13. Qe3 Kb8 14. b4 d5 15. exd5
exd5 16. Qxe7 Nxe7 17. Bd3 Rde8 18. Rae1 f6 19. Nb3 b6 20. Na1 c6 21. Nc2 Rhf8
22. h3 Nf5 23. Kh2 Nd6 24. Bg6 Rxe1 25. Rxe1 Be8 26. Bd3 f5 27. Re7 Bf6 28. Re6
Kc7 29. Ne5 Ne4 30. b5 cxb5 31. Ne3 Nxc3 32. Bxf5 b4 33. g4 a5 34. Nf7 Bxd4 35.
Re7+ Kb8 36. Nd6 Bc5 37. Re6 Bd7 38. Rxh6 Bxe3 39. Bxd7 Bf4+ 40. g3 Bxd6 41. Rxd6
Kc7 0-1

[Event "Warsaw Chess Open - A"]
[Site "Warszawa"]
[Date "1899-12-30"]
[Round "4.5"]
[White "Janik, Igor"]
[Black "Chomczyk, Marek"]
[Result "1/2-1/2"]
[WhiteTitle "IM"]
[BlackTitle "k++"]
[WhiteElo "2500"]
[BlackElo "2194"]

1. e4 c6 2. Nf3 d5 3. d3 dxe4 4. dxe4 Qxd1+ 5. Kxd1 Nf6 6. Nbd2 Nbd7 7. Ne1 Nc5
8. f3 e5 9. Nc4 Nfd7 10. a4 a5 11. Be3 Kd8 12. Nd3 f6 13. Nb6 Nxb6 14. Nxc5 Kc7
15. c3 Bxc5 16. Bxc5 Rd8+ 17. Kc2 Nd7 18. Be7 Re8 19. Ba3 b6 20. Bc4 Nc5 21. Bxc5
bxc5 22. Rad1 Be6 23. Bxe6 Rxe6 24. Rd2 Rd6 25. Rxd6 Kxd6 26. Kd3 Kc7 27. b3 Rd8+
28. Kc2 Kb6 29. Rb1 Rd7 30. h4 g6 31. g3 Rd8 32. Rf1 c4 33. bxc4 Kc5 34. Rb1 Kxc4
35. Rb6 c5 36. Rb5 f5 37. Rxa5 fxe4 38. fxe4 Rf8 39. Ra7 Rf3 40. g4 Rf4 41. Rxh7
Rxg4 42. a5 Rg2+ 43. Kb1 1/2-1/2

[Event "Warsaw Chess Open - A"]
[Site "Warszawa"]
[Date "1899-12-30"]
[Round "4.6"]
[White "Chatalbashev, Boris"]
[Black "Mis, Mieszko"]
[Result "1-0"]
[WhiteTitle "GM"]
[BlackTitle "FM"]
[WhiteElo "2535"]
[BlackElo "2361"]

1. Nf3 Nf6 2. g3 d5 3. Bg2 c5 4. O-O Nc6 5. d4 e6 6. c4 dxc4 7. Ne5 Bd7 8. Na3
cxd4 9. Naxc4 Be7 10. Qb3 Qc7 11. Bf4 Nh5 12. Nxc6 Nxf4 13. Nxe7 Nxg2 14. Qb4
a5 15. Nd6+ Kxe7 16. Nf5+ Kd8 17. Qxd4 Ra6 18. Qxg7 Re8 19. Rac1 Rc6 20. Qf6+
Kc8 21. Ne7+ Kb8 22. Nxc6+ Bxc6 23. Rfd1 Rg8 24. Kf1 Qb6 25. Qe5+ Ka8 26. Rc5
Bd5 27. Rdxd5 exd5 28. Rxd5 1-0

[Event "Warsaw Chess Open - A"]
[Site "Warszawa"]
[Date "1899-12-30"]
[Round "4.7"]
[White "Jakubowski, Krzysztof"]
[Black "Chylewski, Patryk"]
[Result "1-0"]
[WhiteTitle "GM"]
[BlackTitle "FM"]
[WhiteElo "2497"]
[BlackElo "2290"]

1. e4 c5 2. Nf3 e6 3. d4 cxd4 4. Nxd4 Nc6 5. Nc3 Qc7 6. Be3 a6 7. Qf3 Bd6 8. O-O-O
Be5 9. Nxc6 bxc6 10. Bd4 Nf6 11. Bxe5 Qxe5 12. Qg3 Qxg3 13. hxg3 d5 14. Be2 Ke7
15. exd5 exd5 16. Rh4 Be6 17. Bf3 a5 18. Ra4 Nd7 19. Ne2 Rhb8 20. Rh4 h6 21. Nd4
Rb6 22. Re1 Kd6 23. Bg4 Bxg4 24. Rxg4 g6 25. Rf4 Rf8 26. Re3 c5 27. Nb3 f5 28.
Ra4 Ne5 29. Nxa5 Rfb8 30. f4 Ng4 31. Rd3 Ke6 32. Nb3 c4 33. Nd4+ Kf6 34. Rda3
Rxb2 35. Ra6+ R2b6 36. Nc6 Rb1+ 37. Kd2 R8b6 38. Kc3 Ne3 39. Ne5 d4+ 40. Kxd4
Nxc2+ 41. Kc3 Nxa3 42. Rxb6+ Rb3+ 43. Rb5 Rxb5 44. Nd7+ Rb6 45. Nxb6 Ke6 46. Kb2
Nb5 47. a4 Nd6 48. Kc3 Ne4+ 49. Kxc4 Kd6 50. a5 Kc6 51. Nd5 Nd2+ 52. Kd4 Nb3+
53. Ke5 Nxa5 54. Ne7+ Kd7 55. Nxg6 Nc4+ 56. Kxf5 Ne3+ 57. Ke4 Nf1 58. Ne5+ Ke7
59. Kf5 Nxg3+ 60. Kg6 Ke6 61. Ng4 Nf5 62. Nxh6 Nh4+ 63. Kg7 Nxg2 64. f5+ Ke5 65.
f6 Nf4 66. Ng4+ Kd6 67. f7 Ne6+ 68. Kg8 Ke7 69. Ne5 Kf6 70. Nc6 1-0

[Event "Warsaw Chess Open - A"]
[Site "Warszawa"]
[Date "1899-12-30"]
[Round "4.8"]
[White "Pacan-milej, Kosma"]
[Black "Chyzy, Jakub"]
[Result "1-0"]
[WhiteTitle "FM"]
[BlackTitle "FM"]
[WhiteElo "2421"]
[BlackElo "2257"]

1. d4 e6 2. c4 b6 3. a3 Bb7 4. Nc3 f5 5. Bf4 Nf6 6. e3 Be7 7. Nf3 O-O 8. Be2 d6
9. Ng5 Qd7 10. Bf3 d5 11. h4 h6 12. Be5 Ne4 13. Bxe4 dxe4 14. Qh5 Bxg5 15. hxg5
Kh7 16. Ne2 Nc6 17. Nf4 Nxe5 18. dxe5 Qe8 19. gxh6 Qxh5 20. Rxh5 g6 21. Rg5 Rg8
22. O-O-O Bc6 23. b3 Rae8 24. Kc2 Re7 25. Rh1 Rd7 26. Rg3 Re7 27. Nh3 Rf8 28.
Nf4 Rg8 29. Nh3 Rf8 30. f4 exf3 31. gxf3 a5 32. Rhg1 Rg8 33. Nf4 g5 34. Rxg5 Rxg5
35. Rxg5 Kxh6 36. Rg6+ Kh7 37. Rxe6 Rxe6 38. Nxe6 Kg6 39. Nxc7 Bxf3 40. Nd5 Kf7
41. Kc3 b5 42. Kd4 a4 43. bxa4 bxc4 44. Nf4 Bc6 45. a5 Bb5 46. Kc5 Ba6 47. Kb6
1-0

[Event "Warsaw Chess Open - A"]
[Site "Warszawa"]
[Date "1899-12-30"]
[Round "4.9"]
[White "Nguyen, Piotr"]
[Black "Rasti, Arvin"]
[Result "1-0"]
[WhiteTitle "IM"]
[BlackTitle ""]
[WhiteElo "2411"]
[BlackElo "2248"]

1. f4 d5 2. Nf3 g6 3. g3 Bg7 4. Bg2 c5 5. O-O Nc6 6. d3 Nf6 7. Qe1 d4 8. c4 O-O
9. Na3 Re8 10. h3 Nd7 11. Qf2 a6 12. Nc2 e5 13. f5 Qe7 14. e4 f6 15. h4 b5 16.
b3 Bb7 17. Bh3 Nf8 18. Bd2 Bc8 19. g4 Bd7 20. Rae1 bxc4 21. bxc4 Rab8 22. Bc1
Qf7 23. Kh2 Nb4 24. Nxb4 cxb4 25. g5 gxf5 26. exf5 b3 27. Rg1 Kh8 28. g6 Qe7 29.
gxh7 Bc6 30. Nxd4 Qd6 31. Nxc6 Qxc6 32. Rxg7 Kxg7 33. Qg3+ Kxh7 34. Rg1 1-0

[Event "Warsaw Chess Open - A"]
[Site "Warszawa"]
[Date "1899-12-30"]
[Round "4.10"]
[White "Szustakowski, Antoni"]
[Black "Rajlich, Iweta"]
[Result "1/2-1/2"]
[WhiteTitle "FM"]
[BlackTitle "IM"]
[WhiteElo "2260"]
[BlackElo "2393"]

1. d4 Nf6 2. c4 c5 3. d5 b5 4. Qc2 g6 5. e4 Bg7 6. f4 d6 7. Nf3 O-O 8. cxb5 a6
9. Nc3 e6 10. dxe6 fxe6 11. Be2 axb5 12. Bxb5 Qb6 13. O-O Bb7 14. a4 Nc6 15. e5
dxe5 16. Bxc6 c4+ 17. Kh1 Qxc6 18. Nxe5 Qc5 19. Qe2 Rac8 20. Be3 Qe7 21. Rad1
Nd5 22. Nxd5 Bxd5 23. Bd4 Qb4 24. Nd7 Qxa4 25. Bxg7 Qxd7 26. Bxf8 Rxf8 27. Rf2
Qd6 28. Rdf1 Qb6 29. Qe5 Rf5 30. Qc3 Rf8 31. Re2 Qd6 32. Qe5 Qxe5 33. Rxe5 Rb8
34. Re2 c3 35. Ref2 cxb2 36. Rb1 Kf7 37. Rbxb2 Ra8 38. h3 Kf6 39. Rbe2 h5 40.
Kh2 Ra1 41. Kg3 Ra3+ 42. Kh4 Ra4 43. g4 Ra1 44. g5+ Ke7 45. f5 gxf5 46. Kxh5 Kf7
47. Kh6 Ra8 48. g6+ Kf6 49. g7 Rg8 50. Rg2 Bxg2 51. Rxg2 f4 52. Kh7 Rxg7+ 53.
Rxg7 e5 54. Rg8 Kf5 55. Kh6 Ke4 56. Kg5 Kf3 57. Kf5 e4 58. Rg4 e3 59. Rxf4+ Kg3
1/2-1/2

[Event "Warsaw Chess Open - A"]
[Site "Warszawa"]
[Date "1899-12-30"]
[Round "4.11"]
[White "Kiolbasa, Oliwia"]
[Black "Lewtak, Damian"]
[Result "0-1"]
[WhiteTitle "WIM"]
[BlackTitle "IM"]
[WhiteElo "2255"]
[BlackElo "2380"]

1. e4 e6 2. d4 d5 3. e5 c5 4. c3 Qb6 5. Nf3 Bd7 6. Na3 cxd4 7. cxd4 Bxa3 8. bxa3
Nc6 9. Bd3 Nxd4 10. O-O Ne7 11. Rb1 Nxf3+ 12. Qxf3 Qc7 13. Bb2 Rc8 14. Qg4 g6
15. h4 h5 16. Qf4 Bc6 17. a4 Nf5 18. Ba3 Qd8 19. g3 Rg8 20. Rfc1 g5 21. hxg5 Qxg5
22. Qxg5 Rxg5 23. Bxf5 Rxf5 24. Re1 Kd7 25. a5 h4 26. Rb3 Rg8 27. Bc5 a6 28. Bd4
Rg4 29. Bb6 hxg3 30. Rxg3 Rh4 31. Rg7 d4 32. Kf1 Rh1+ 33. Rg1 Rxg1+ 34. Kxg1 Bf3
35. Kh2 d3 36. Re3 Be2 37. Re4 Kc6 38. Be3 Kd5 39. Rb4 Rxe5 40. Bd2 Rh5+ 41. Kg2
Kc6 42. Rc4+ Kd6 43. Rb4 Rc5 44. Rb2 Kc7 45. f4 Rc2 46. Rxc2+ dxc2 47. Kf2 Bc4
48. Ke3 Bxa2 49. Kd4 f6 50. Kc3 Bb1 51. Be3 Kd6 52. Kd4 Ke7 53. Bc1 Kf7 54. Ke3
Kg6 55. Ke4 Kh5 56. Kf3 Ba2 57. Bb2 Bb3 58. Bc1 Bd5+ 59. Ke3 Kg4 60. Kd3 Bb3 61.
Ke3 Kf5 62. Bb2 Ba4 63. Kf3 e5 64. fxe5 fxe5 65. Ke3 e4 66. Bc1 Ke5 67. Ba3 Bb5
68. Bc1 Bd3 69. Ba3 Kd5 70. Bb2 Kc4 71. Kd2 Kb5 72. Bc3 e3+ 73. Kc1 Kc4 74. Be1
Kd5 75. Bc3 Ke4 76. Be1 Kf3 77. Bb4 Kg2 0-1

[Event "Warsaw Chess Open - A"]
[Site "Warszawa"]
[Date "1899-12-30"]
[Round "4.12"]
[White "Szotkowski, Jakub"]
[Black "Kubicka, Anna"]
[Result "1/2-1/2"]
[WhiteTitle "IM"]
[BlackTitle "WIM"]
[WhiteElo "2366"]
[BlackElo "2210"]

1. d4 Nf6 2. Nf3 e6 3. c4 d5 4. g3 Be7 5. Bg2 O-O 6. O-O Nbd7 7. Qc2 c6 8. Nbd2
b6 9. e4 dxc4 10. Nxc4 Bb7 11. Rd1 c5 12. Ng5 h6 13. e5 Bxg2 14. exf6 Nxf6 15.
Kxg2 hxg5 16. dxc5 Nd5 17. cxb6 axb6 18. Ne3 Ra5 19. Qb3 Qa8 20. Nxd5 Rd8 21.
Be3 Raxd5 22. Rxd5 Rxd5 23. Kg1 b5 24. Rc1 Bf6 25. Rc5 Rxc5 26. Bxc5 Qc6 27. Be3
g4 28. Qb4 Qd5 29. b3 Qd1+ 30. Kg2 Qd5+ 31. Kf1 Qd3+ 32. Kg2 Qd5+ 33. Kf1 1/2-1/2

[Event "Warsaw Chess Open - A"]
[Site "Warszawa"]
[Date "1899-12-30"]
[Round "4.13"]
[White "Antolak, Julia"]
[Black "Lee, Hyuk"]
[Result "1-0"]
[WhiteTitle "WIM"]
[BlackTitle ""]
[WhiteElo "2309"]
[BlackElo "1853"]

1. e4 e5 2. Nf3 Nf6 3. Nxe5 Nxe4 4. Qe2 Qe7 5. d4 d6 6. Nd3 d5 7. Nf4 Nf6 8. f3
Nc6 9. c3 Be6 10. Nxe6 Qxe6 11. Kf2 Qxe2+ 12. Bxe2 O-O-O 13. Nd2 Bd6 14. Nf1 Ne7
15. Bd3 c6 16. Bd2 Nd7 17. a4 f5 18. Ng3 Rdf8 19. Nh5 Rf7 20. Rae1 Ng6 21. Re6
Kc7 22. Rhe1 Rhf8 23. a5 Nf6 24. Nxf6 Rxf6 25. g3 Rxe6 26. Rxe6 Kd7 27. Re1 Ne7
28. b3 g6 29. c4 Bc7 30. h4 Re8 31. h5 Rg8 32. Bg5 Bd8 33. hxg6 hxg6 34. a6 bxa6
35. Ra1 a5 36. Bd2 Kd6 37. c5+ Kd7 38. Bxa5 Bxa5 39. Rxa5 Nc8 40. b4 Rh8 41. b5
cxb5 42. Bxb5+ Kc7 43. Ra6 Rh2+ 44. Ke3 Rb2 45. Bd3 Rb4 46. Rxg6 Ne7 47. Ra6 Kb7
48. Ra5 Ka8 49. Rb5 Ra4 50. Bc2 Rc4 51. Bb3 Rc3+ 52. Kf4 a6 53. Rb6 Ka7 54. Re6
Nc6 55. Rxc6 Rxb3 56. Rc7+ Kb8 57. Rh7 a5 58. g4 fxg4 59. fxg4 Rd3 60. g5 Rxd4+
61. Kf5 Rd1 62. g6 Rg1 63. g7 a4 64. Rh8+ Kc7 65. g8=Q Rxg8 66. Rxg8 Kc6 67. Ra8
Kb5 68. Ke5 Kxc5 69. Rxa4 1-0

[Event "Warsaw Chess Open - A"]
[Site "Warszawa"]
[Date "1899-12-30"]
[Round "4.14"]
[White "Sieciechowicz, Marcin"]
[Black "Goraj, Barbara"]
[Result "1-0"]
[WhiteTitle "IM"]
[BlackTitle "WCM"]
[WhiteElo "2386"]
[BlackElo "2076"]

1. b3 e5 2. Bb2 d6 3. g3 f5 4. Bg2 Nf6 5. e3 g6 6. f4 Qe7 7. fxe5 dxe5 8. Nc3 c6
9. e4 Bg7 10. Qe2 O-O 11. O-O-O fxe4 12. Nxe4 Nxe4 13. Bxe4 Be6 14. Nf3 Nd7 15.
h4 Nc5 16. Ng5 Nxe4 17. Nxe4 a5 18. h5 a4 19. hxg6 hxg6 20. Qh2 Bf5 21. Rdf1 Rf7
22. Re1 axb3 23. axb3 Kf8 24. Qe2 Qb4 25. Rh4 Qe7 26. Reh1 Bxe4 27. Qxe4 Qf6 28.
Qb4+ Kg8 29. Qe4 Qf1+ 30. Qe1 Qf5 31. Re4 Qf3 32. Kb1 Raf8 33. Bxe5 Bxe5 34. Rxe5
Qg2 35. Rg1 Qh3 36. Re8 Qg4 37. Rxf8+ Rxf8 38. Qe5 Qf3 39. Re1 Rf7 40. Kb2 b5
41. Re3 Qf6 42. Qxf6 Rxf6 43. Kc3 Kf7 44. Kb4 Rf5 45. Ka5 Rd5 46. Rc3 Rxd2 47.
Rxc6 Rd5 48. b4 Rg5 49. Rc5 Rxg3 50. Kxb5 Re3 51. c4 Kf6 52. Rc8 g5 53. c5 g4
54. Rg8 g3 55. c6 Re5+ 56. Ka6 1-0

[Event "Warsaw Chess Open - A"]
[Site "Warszawa"]
[Date "1899-12-30"]
[Round "4.15"]
[White "Razdolski, Ilya"]
[Black "Fargac, Martin"]
[Result "1-0"]
[WhiteTitle ""]
[BlackTitle "FM"]
[WhiteElo "2109"]
[BlackElo "2320"]

1. Nf3 Nf6 2. d4 e6 3. g3 d5 4. Bg2 Be7 5. O-O O-O 6. c4 dxc4 7. Qc2 b6 8. Bg5
Bb7 9. Bxf6 Bxf6 10. Ng5 Bxg5 11. Bxb7 Nd7 12. Bxa8 Qxa8 13. Qxc4 Rc8 14. Qb5
Qd5 15. Nc3 Qxb5 16. Nxb5 a6 17. Na7 Ra8 18. Nc6 Kf8 19. e3 Bf6 20. f4 Nb8 21.
Rac1 Nxc6 22. Rxc6 Bd8 23. f5 Ke7 24. fxe6 fxe6 25. e4 Kd7 26. Rc3 Ke8 27. Kg2
Rc8 28. e5 Be7 29. Kf3 Rd8 30. Ke4 c5 31. Rd1 Rb8 32. Rdd3 a5 33. d5 exd5+ 34.
Kxd5 b5 35. Kc6 b4 36. Rc1 a4 37. e6 b3 38. axb3 axb3 39. Rcc3 Ra8 40. Kd5 Rc8
41. Kc4 Rc6 42. Rxb3 Rxe6 43. Re3 1-0

[Event "Warsaw Chess Open - A"]
[Site "Warszawa"]
[Date "1899-12-30"]
[Round "4.16"]
[White "Dwilewicz, Katarzyna"]
[Black "Sliwicka, Alicja"]
[Result "1-0"]
[WhiteTitle "WFM"]
[BlackTitle "WIM"]
[WhiteElo "2082"]
[BlackElo "2308"]

1. e4 c5 2. Nf3 d6 3. d4 cxd4 4. Nxd4 Nf6 5. Nc3 Nc6 6. f3 e5 7. Nb3 Be7 8. Be3
O-O 9. Qd2 a5 10. a4 Nb4 11. g4 Be6 12. g5 Nh5 13. O-O-O Rc8 14. Kb1 Bd7 15. Rc1
Rxc3 16. bxc3 Na6 17. Bb5 Bxb5 18. axb5 Nc7 19. c4 a4 20. Na5 Qa8 21. Kb2 a3+
22. Ka2 Ne6 23. h4 Rc8 24. Bb6 Nc5 25. Bxc5 Rxc5 26. Rhd1 Nf4 27. Rb1 Rc8 28.
Rb3 Qa7 29. b6 Qa6 30. Qb4 Bf8 31. Rd5 Nxd5 32. exd5 Qa8 33. Rxa3 Qb8 34. Qb5
Rd8 35. Nc6 bxc6 36. dxc6 Qc8 37. c7 Re8 38. Qxe8 Qxe8 39. b7 d5 40. c8=Q Qe7
1-0

[Event "Warsaw Chess Open - A"]
[Site "Warszawa"]
[Date "1899-12-30"]
[Round "4.17"]
[White "Krasiewicz, Robert"]
[Black "Paszewski, Mateusz"]
[Result "1/2-1/2"]
[WhiteTitle "k+"]
[BlackTitle "FM"]
[WhiteElo "2049"]
[BlackElo "2280"]

1. Nf3 c5 2. c4 g6 3. g3 Bg7 4. Bg2 Nc6 5. Nc3 e5 6. d3 d6 7. a3 Nge7 8. Rb1 a5
9. Bd2 O-O 10. O-O h6 11. Ne1 Be6 12. Nd5 Rb8 13. Nxe7+ Qxe7 14. Nc2 Qd7 15. b4
axb4 16. axb4 b6 17. Ne3 Ne7 18. Qb3 Qc7 19. Qa3 f5 20. Rfc1 g5 21. Bc3 f4 22.
Nf1 g4 23. Be4 Bf5 24. Nd2 Bxe4 25. Nxe4 f3 26. Qb2 Nf5 27. e3 Qf7 28. bxc5 Qh5
29. Kh1 dxc5 30. Bxe5 Nd4 31. exd4 Qh3 32. Rg1 Rf5 33. Nf6+ Bxf6 34. Bxf6 Rxf6
35. Rbe1 Rbf8 36. dxc5 Rf5 37. Re5 bxc5 38. Rxf5 Rxf5 39. Qb8+ Kf7 40. Qc7+ Kf6
41. Qd8+ Kf7 42. Qd7+ Kf6 43. Qd6+ Ke5 1/2-1/2

[Event "Warsaw Chess Open - A"]
[Site "Warszawa"]
[Date "1899-12-30"]
[Round "4.18"]
[White "Malicka, Maria"]
[Black "Harazinska, Magdalena"]
[Result "1-0"]
[WhiteTitle "FM"]
[BlackTitle "WFM"]
[WhiteElo "2272"]
[BlackElo "2034"]

1. e4 c5 2. Nf3 d6 3. d4 cxd4 4. Nxd4 Nf6 5. f3 a6 6. c4 e6 7. Nc3 b6 8. Be2 Bb7
9. Be3 Be7 10. O-O O-O 11. Qd2 Nbd7 12. Rfc1 Qb8 13. a4 Bd8 14. b4 Bc7 15. g3
Re8 16. Bf2 h5 17. Rc2 h4 18. Kg2 Ne5 19. Nb3 Nc6 20. Nd1 a5 21. bxa5 bxa5 22.
Nc3 Nb4 23. Rb2 d5 24. exd5 exd5 25. c5 hxg3 26. hxg3 Ng4 27. Bd4 Ne5 28. Rh1
f6 29. Bf2 Ng4 30. Bb5 Nxf2 31. Qxf2 Re5 32. Nd4 Rg5 33. Nce2 Bc8 34. Bc6 Bb7
35. Bd7 Re5 36. Be6+ Rxe6 37. Nxe6 Be5 38. N2d4 Bc8 39. Rb3 Bxe6 40. Nxe6 Ra6
41. Nd4 Qe8 42. Nb5 Qg6 43. Rc1 Rc6 44. f4 Nd3 45. Rxd3 Qxd3 46. fxe5 Qe4+ 47.
Qf3 Qxe5 48. Rc2 1-0

[Event "Warsaw Chess Open - A"]
[Site "Warszawa"]
[Date "1899-12-30"]
[Round "4.19"]
[White "Piotrowski, Pawel"]
[Black "Karpus, Michal"]
[Result "0-1"]
[WhiteTitle "I++"]
[BlackTitle "FM"]
[WhiteElo "2027"]
[BlackElo "2271"]

1. d4 Nf6 2. c4 g6 3. g3 Bg7 4. Bg2 d5 5. cxd5 Nxd5 6. e4 Nb6 7. Ne2 c5 8. d5 O-O
9. O-O e6 10. Nbc3 Na6 11. b3 exd5 12. exd5 Bg4 13. f3 Bf5 14. Be3 Re8 15. Qd2
Nb4 16. Bxc5 N6xd5 17. Ne4 Bxe4 18. fxe4 Nc3 19. Qxd8 Nxe2+ 20. Kf2 Raxd8 21.
Kxe2 Bxa1 22. Ke1 0-1

[Event "Warsaw Chess Open - A"]
[Site "Warszawa"]
[Date "1899-12-30"]
[Round "5.2"]
[White "Teclaf, Pawel"]
[Black "Sonis, Francesco"]
[Result "1/2-1/2"]
[WhiteTitle "IM"]
[BlackTitle "IM"]
[WhiteElo "2514"]
[BlackElo "2501"]

1. e4 e6 2. d4 d5 3. Nd2 c5 4. c3 cxd4 5. cxd4 dxe4 6. Nxe4 Bd7 7. Nf3 Bc6 8. Bd3
Nd7 9. O-O Ngf6 10. Qe2 Be7 11. Ne5 Bxe4 12. Bxe4 Nxe4 13. Qxe4 Rb8 14. d5 Nxe5
15. Qxe5 Bf6 16. Qg3 O-O 17. dxe6 1/2-1/2